000 00622nam a22002057a 4500
005 20260427094527.0
008 260427b |||||||| |||| 00| 0 eng d
020 _a9780135257272
_qhb
020 _a0135257271
_qhb
082 _a629.287
_bHAL.6E
100 _aHalderman, James D.
245 _aAutomotive technology : principles, diagnosis, and service [6th ed.]
250 _a6th ed.
260 _aHoboken, NJ
_bPearson Education
_c2020
300 _axiii, 1761p. ; 30cm.
653 _aAutomobiles--Maintenance and repair
653 _aAutomobiles--Design and construction
653 _aME316
942 _2ddc
_cBK
999 _c53149
_d53149